| 000 | 00537nam a2200205 a 4500 | ||
|---|---|---|---|
| 001 | 18215 | ||
| 003 | CO-ViMGA | ||
| 008 | 141112s2004 ck r 000 u spa d | ||
| 020 | _a9681859227 | ||
| 040 |
_aCO-ViMGA _bspa _cCO-ViMGA |
||
| 082 | 0 | 4 | _a300.1 Z376m |
| 100 | 1 |
_aZeraoui, Zidane _925932 |
|
| 245 | 1 | 0 | _aModernidad y posmodernidad |
| 260 |
_aMexico, _cLimusa, _c2000 |
||
| 300 | _a263.p. | ||
| 590 | _aForma de adquisición : Premio - Mincultura | ||
| 650 | 1 | 4 | _aMODERNISMO |
| 650 | 1 | 4 |
_aPOSTMODERNISMO _951599 |
| 942 |
_2ddc _cBK |
||
| 999 |
_c27574 _d27574 |
||